LEADER 02664nam 2200577 a 450 001 9910139244803321 005 20170816123454.0 010 $a1-118-62126-3 010 $a1-299-31550-X 010 $a1-118-62127-1 035 $a(CKB)2560000000100631 035 $a(EBL)1143630 035 $a(OCoLC)830161627 035 $a(MiAaPQ)EBC1143630 035 $a(EXLCZ)992560000000100631 100 $a20100429d2010 uy 0 101 0 $aeng 135 $aur|n|---||||| 200 00$aMechanical characterization of materials and wave dispersion$b[electronic resource] $einstrumentation and experiment interpretation /$fedited by Yvon Chevalier, Jean Tuong Vinh 210 $aLondon, U.K. $cISTE ;$aHoboken, N.J. $cWiley$d2010 215 $a1 online resource (492 p.) 225 1 $aISTE 300 $aDescription based upon print version of record. 311 $a1-84821-193-7 320 $aIncludes bibliographical references and index. 327 $apt. I. Mechanical and electronic instrumentation -- pt. II. Realization of experimental set-ups and interpretation of measurements. 330 $aOver the last 50 years, the methods of investigating dynamic properties have resulted in significant advances. This book explores dynamic testing, the methods used, and the experiments performed, placing a particular emphasis on the context of bounded medium elastodynamics. Dynamic tests have proven to be as efficient as static tests and are often easier to use at lower frequency. The discussion is divided into four parts. Part A focuses on the complements of continuum mechanics. Part B concerns the various types of rod vibrations: extensional, bending, and torsional. Part C is devoted to mech 410 0$aISTE 606 $aMaterials$xMechanical properties$xExperiments 606 $aStructural engineering$xMaterials$xExperiments 606 $aWave motion, Theory of$xExperiments 606 $aDispersion$xExperiments 606 $aEngineering instruments 608 $aElectronic books. 615 0$aMaterials$xMechanical properties$xExperiments. 615 0$aStructural engineering$xMaterials$xExperiments. 615 0$aWave motion, Theory of$xExperiments. 615 0$aDispersion$xExperiments. 615 0$aEngineering instruments. 676 $a620.1/1292 676 $a620.11 676 $a620.11292 701 $aChevalier$b Yvon$0884191 701 $aVinh$b Jean Tuong$0884192 801 0$bMiAaPQ 801 1$bMiAaPQ 801 2$bMiAaPQ 906 $aBOOK 912 $a9910139244803321 996 $aMechanical Characterization of Materials and Wave Dispersion$91974461 997 $aUNINA LEADER 01511nam 2200493 450 001 9910150216803321 005 20230120010516.0 010 $a0-7020-3497-5 035 $a(CKB)1000000000749123 035 $a(SSID)ssj0000556537 035 $a(PQKBManifestationID)12202633 035 $a(PQKBTitleCode)TC0000556537 035 $a(PQKBWorkID)10530922 035 $a(PQKB)11495879 035 $a(MiAaPQ)EBC4740691 035 $a(EXLCZ)991000000000749123 100 $a20161123h20072007 uy 0 101 0 $aeng 135 $aurcnu|||||||| 181 $ctxt 182 $cc 183 $acr 200 00$aOphthalmic drugs $ediagnostic and therapeutic uses /$frevised by Graham Hopkins, Richard Pearson 205 $aFifth edition. 210 1$aEdinburgh, [Scotland] :$cButterworth-Heinemann Elsevier,$d2007. 210 4$dİ2007 215 $a1 online resource (31 pages) $cillustrations (some color) 300 $aBibliographic Level Mode of Issuance: Monograph 311 $a0-7506-8864-5 320 $aIncludes bibliographical references at the end of each chapters and index. 606 $aOphthalmic drugs 606 $aOcular pharmacology 615 0$aOphthalmic drugs. 615 0$aOcular pharmacology. 676 $a617.7061 702 $aHopkins$b Graham 702 $aPearson$b Richard M. 801 0$bMiAaPQ 801 1$bMiAaPQ 801 2$bMiAaPQ 906 $aBOOK 912 $a9910150216803321 996 $aOphthalmic drugs$93002857 997 $aUNINA